000 00825cam a2200229 i 4500
005 20251214110955.0
008 250721s2003 ua gr 000 0 ara d
082 1 4 _a216.534/
_bج ا د
100 1 _aجاد، أحمد
_eمؤلف.
245 1 0 _aفقه السنة للنساء :
_b كل ما يهم المرأة في أحكام دينها /
_cتاليف الشيخ احمد جاد
250 _aالطبعه الاولى.
264 3 1 _aالمنصورة :
_bدار الغد الجديد،
_c2003.
300 _a624 صفحه.
650 1 7 _aالفقه الإسلامي.
650 1 7 _aالمرأة المسلمة.
650 1 7 _aالأحكام الشرعية.
650 1 7 _aالطهارة.
650 1 7 _aالزكاة.
650 1 7 _aالعبادات.
942 _2ddc
_cBK
999 _c93825
_d93825